000
00305nam a22001337a 4500
008
181016b xxu||||| |||| 00| 0 eng d
020
_a
9781560007371
041
_a
eng
080
_a
371
100
_a
46
101
_a
EDU
245
_a
Universities American, English, German
_c
Kerr,C
942
_2
udc
_c
BK
999
_c
49834
_d
49834